| Tag |
First Indicator |
Second Indicator |
Subfields |
| LEADER |
00000cam a2200000 4500 |
| 001 |
in00001463021 |
| 005 |
20151021060239.0 |
| 008 |
751016nuuuuuuuuxx 000 0 rus d |
| 035 |
|
|
|a (OCoLC)01707600
|
| 035 |
|
|
|9 AJF5948AM
|
| 040 |
|
|
|a DZM
|c DZM
|d OCL
|d TXA
|d UtOrBLW
|
| 049 |
|
|
|a TXAM
|
| 090 |
|
|
|a PG3337.L4
|b A17
|
| 092 |
|
|
|a Rus 891.71
|b L616s
|
| 100 |
1 |
|
|a Lermontov, Mikhail I︠U︡rʹevich,
|d 1814-1841.
|
| 245 |
1 |
0 |
|a Stikhotvoreniia.
|
| 264 |
|
1 |
|a [Place of publication not identified] :
|b International Univ. Press,
|c [date of publication not identified]
|
| 300 |
|
|
|a 134 pages
|
| 336 |
|
|
|a text
|b txt
|2 rdacontent
|
| 337 |
|
|
|a unmediated
|b n
|2 rdamedia
|
| 338 |
|
|
|a volume
|b nc
|2 rdacarrier
|
| 500 |
|
|
|a Poetry.
|
| 500 |
|
|
|a Title transliterated.
|
| 536 |
|
|
|a From the Estate of George and Mathilda Sabo by Dr. Joseph R. Corcoran & Irene Sabo Corcoran and Family. September 1998.
|
| 948 |
|
|
|a c:tc
|
| 999 |
|
|
|a MARS
|
| 999 |
f |
f |
|s 0b462058-dab3-30c9-8efb-8bd6dec6cf43
|i 40b08354-0004-31d4-95cb-e45f50496bf9
|t 0
|
| 952 |
f |
f |
|p ric
|a Texas A&M University
|b Rellis Campus
|c Joint Library Facility
|s JLF
|d Remote Storage
|t 0
|e PG3337.L4 A17
|h Library of Congress classification
|i unmediated -- volume
|m A14823914136
|
| 998 |
f |
f |
|a PG3337.L4 A17
|t 0
|l Remote Storage
|